Statystyki dla Państwa w Europie w 1444 roku

Kliknij tutaj aby rozwiązać quiz!

Ogólne statystyki

  • Ten quiz został rozwiązany 5 742 razy
  • Średni wynik to 23 z 88

Odpowiedzi na mapie

Odpowiedzi skodowane kolorowo w zielono-czerwonej skali na mapie do tego quizu, zgodnie z poniższymi procentami.
 

Statystyki odpowiedzi

Państwo% Poprawnych
Polska
95%
Norwegia
86%
Szwecja
86%
Litwa
83%
Dania
80%
Anglia
79%
Portugalia
78%
Szkocja
74%
Święte Cesarstwo Rzymskie
69%
Węgry
69%
Francja
65%
Państwo Kościelne
60%
Zakon Krzyżacki
57%
Chorwacja
55%
Wielkie Księstwo Moskiewskie
55%
Serbia
54%
Bośnia
50%
Mołdawia
50%
Albania
49%
Imperium Osmańskie
48%
Mazowsze
46%
Wenecja
45%
Krym
43%
Neapol
39%
Bizancjum
37%
Ryga
37%
San Marino
37%
Andora
34%
Kastylia
34%
Aragonia
31%
Nowogród
31%
Bretania
30%
Ateny
28%
Wołoszczyzna
27%
Hercegowina
25%
Burgundia
23%
Grenada
21%
Psków
21%
Holsztyn
19%
Genua
17%
Kazań
17%
Nawarra
17%
Perm
17%
Prowansja
16%
Raguza
15%
Wielka Orda
15%
Zakon Inflantów
13%
Epir
11%
Flandria
11%
Teodoro
11%
Twer
11%
Bolonia
10%
Fryzja Wschodnia
10%
Orda Nogajska
10%
Riazań
10%
Jarosław
9%
Ulster
9%
Czerkiesja
8%
Królestwo Mann i Wysp
8%
Orlean
8%
Munster
7%
Rostów
7%
Urbino
7%
Biełoziero
6%
Odojew
6%
Foix
5%
Leinster
5%
Nevers
5%
Awarowie
4%
Burbonia
4%
Desmond
4%
Perugia
4%
Ryczerze
4%
Armagnac
3%
Gazikumukh
3%
Kildare
3%
Naksos
3%
Offaly
3%
Ormond
3%
Owernia
3%
Sligo
3%
Szyrwan
3%
Tyrone
3%
Clanricarde
2%
Cospaia
2%
Thomond
2%
Tyrconnell
2%
Senarica
1%

Rozkład punktacji

Percentyl według liczby udzielonych odpowiedzi

Procent ludzi z każdym wynikiem

Twoja historia wyników

Nie rozwiązałeś tego quizu